00429 2200157 4500001002100000008004100021035002000062245004900082100003200131260002800163300002400191020002200215084001400237082000800251990001200259INLIS000000000002741 IND  a0010-0925000088 aKimia Kelas XIIcIrnaningtyas & Sylva Sagita aIrnaningtyas & Sylva Sagita aJakartabErlanggac2023 a286c(17,5 x 25 cm) a978-623-180-406-8 a540 UNG k a540 a0754952